000 00914nam a22003017a 4500
003 CHAP
005 20220329141632.0
008 971013s1982 r 00010 d
010 _a71395
011 _a72367
035 _a81922
040 _cCHAP
082 _a550
_bC3
245 _aCambridge Encyclopedia of Earth Sciences
260 _aCambridge :
_bCambridge University,
_c1982
300 _a496 p.
_b: ilus.
590 _aBATCH-UPD
_b10
_c20130110
_lUCH01
_h0347
590 _aBATCH-UPD
_b10
_c20130110
_lUCH01
_h1804
590 _aBATCH-UPD
_b10
_c20130410
_lUCH01
_h0020
590 _aBATCH-UPD
_b10
_c20130914
_lUCH01
_h1539
590 _aCONVERSION
_b10
_c20130109
_lUCH01
_h1339
650 1 4 _aGeologĂ­a.
_947604
650 1 4 _aTierra.
_9113060
700 0 _aSmith, David G.
_eed.
_9106988
901 _aBK
942 _cLIBRO
949 _a550 C3
_bBC
_cC
_d33724000493243
_eC
_gI.125499
_h64735
_i81922
_si
_t8564.00
999 _c71395
_d71395